LEADER 01036nam a2200217 i 4500 001 000000022634 003 CaOOAMICUS 005 20210513103310.0 008 180830s1984 fr u000 u fre u 040 $aSeMil$bita 100 1 $aMoltmann, Jürgen,$d<1926-2024>.$0(OLS)http://semarc/name/10148 240 10$aSystematische Beiträge zur Theologie.$0(OLS)http://semarc/title/30306 245 10$aContributions systématiques à la théologie /$cJürgen Moltmann. 260 $aParis :$bLes Éditions du Cerf,$c1984- 300 $av. ;$c22 cm. 650 4$aTeologia sistematica.$0(OLS)http://semarc/subject/598 774 0 $aMoltmann, Jürgen <1926-2024>$tJesus, le Messie de Dieu.$dParis : Les Éditions du Cerf, 1993.$kCogitatio Fidei $z2-204-04628-0$g3$w()184089 830 0$aCogitatio Fidei .$0(OLS)http://semarc/title/206 996 $6245$aContributions systématiques à la théologie$9(OLS)http://semarc/title/30305 996 $6260$aParis :$bLes Éditions du Cerf$9(OLS)http://semarc/publisher/29611 LEADER 01271nam a2200289 i 4500 001 000000115253 003 CaOOAMICUS 005 20220421151233.0 008 030516s1972 it u000 u ita u 013 $a87942 040 $aSeMil$bita 240 10$aDiario del Che en Bolivia.$0(OLS)http://semarc/title/299791 245 00$aDiario del Che in Bolivia /$cErnesto Che Guevara ; prefazione di Fidel Castro. 250 $a2 ed., nuova edizione integrale. 264 1$aMilano :$bFeltrinelli,$c1972. 300 $a222 p. ;$c18 cm. 490 1 $aUniversale Economica ;$v580 650 04$aGuevara, Ernesto - Bolivia - Diari e memorie.$0(OLS)http://semarc/subject/52152 700 1 $aGuevara, Ernesto .$0(OLS)http://semarc/name/39621 700 1 $aCastro Ruz, Fidel,$d<1926-2016>.$0(OLS)http://semarc/name/19144 830 0$aUniversale economica ;$v580.$0(OLS)http://semarc/title/11224 850 $aSeMil 852 $aSeMil$W1$xVenegono$y1$m52 8 580 *$j70784$B70784$CSeMilBibl$Z2$F75427 $81 961 $aLascito: Ciapparella don Eligio 996 $6245$aDiario del Che in Bolivia$9(OLS)http://semarc/title/168749 996 $6264$aMilano :$bFeltrinelli$9(OLS)http://semarc/publisher/30237